<?xml version="1.0" encoding="UTF-8"?>
<record
    xmlns:xsi="http://www.w3.org/2001/XMLSchema-instance"
    xsi:schemaLocation="http://www.loc.gov/MARC21/slim http://www.loc.gov/standards/marcxml/schema/MARC21slim.xsd"
    xmlns="http://www.loc.gov/MARC21/slim">

  <leader>00980nam a22001817a 4500</leader>
  <controlfield tag="003">IT-RoPau</controlfield>
  <controlfield tag="005">20220918175937.0</controlfield>
  <controlfield tag="008">121218b        xxu||||| |||| 00| 0 eng d</controlfield>
  <datafield tag="040" ind1=" " ind2=" ">
    <subfield code="c">IT-RoPau</subfield>
  </datafield>
  <datafield tag="100" ind1=" " ind2=" ">
    <subfield code="a">Alberione Giacomo</subfield>
    <subfield code="c">ssp</subfield>
    <subfield code="9">83</subfield>
  </datafield>
  <datafield tag="245" ind1=" " ind2=" ">
    <subfield code="a">Per un rinnovamento spirituale.</subfield>
    <subfield code="b">Predicazione alle comunit&#xE0; paoline in Roma 1952-1954</subfield>
  </datafield>
  <datafield tag="250" ind1=" " ind2=" ">
    <subfield code="a">1&#xB0; ed.</subfield>
  </datafield>
  <datafield tag="260" ind1=" " ind2=" ">
    <subfield code="a">Alba</subfield>
    <subfield code="b">Societ&#xE0; San Paolo</subfield>
    <subfield code="c">2006</subfield>
  </datafield>
  <datafield tag="300" ind1=" " ind2=" ">
    <subfield code="a">607 p.</subfield>
    <subfield code="c">21,5 cm</subfield>
  </datafield>
  <datafield tag="490" ind1=" " ind2=" ">
    <subfield code="a">Opera Omnia (serie blu)</subfield>
  </datafield>
  <datafield tag="520" ind1=" " ind2=" ">
    <subfield code="a">INDICE GENERALE
Introduzione;
Avvertenze;
PER UN RINNOVAMENTO SPIRITUALE Meditazioni dettate in Cripta dal 29 gennaio al 15 marzo 1952;
ORE DI ADORAZIONE;
PREDICHE DEL PRIMO MAESTRO I. Alle Famiglie Paoline (Agosto-Novembre 1952);
PREDICHE DEL PRIMO MAESTRO II. Alle Famiglie Paoline (Novembre 1952-Dicembre 1953);
PREDICHE DEL PRIMO MAESTRO III. Alle Famiglie Paoline (Marzo-Dicembre 1954);
INDICI
Indice delle citazioni bibliche;
Indice analitico;
Indice generale.
</subfield>
  </datafield>
  <datafield tag="942" ind1=" " ind2=" ">
    <subfield code="2">ddc</subfield>
    <subfield code="c">BK</subfield>
  </datafield>
  <datafield tag="999" ind1=" " ind2=" ">
    <subfield code="c">37694</subfield>
    <subfield code="d">37694</subfield>
  </datafield>
  <datafield tag="952" ind1=" " ind2=" ">
    <subfield code="0">0</subfield>
    <subfield code="1">0</subfield>
    <subfield code="2">ddc</subfield>
    <subfield code="4">0</subfield>
    <subfield code="6">P_A7</subfield>
    <subfield code="7">1</subfield>
    <subfield code="a">PAULUS</subfield>
    <subfield code="b">PAULUS</subfield>
    <subfield code="d">2012-12-18</subfield>
    <subfield code="l">0</subfield>
    <subfield code="o">P A7</subfield>
    <subfield code="r">2012-12-18 00:00:00</subfield>
    <subfield code="w">2012-12-18</subfield>
    <subfield code="y">BK</subfield>
  </datafield>
  <datafield tag="952" ind1=" " ind2=" ">
    <subfield code="0">0</subfield>
    <subfield code="1">0</subfield>
    <subfield code="2">ddc</subfield>
    <subfield code="4">0</subfield>
    <subfield code="6">PA_000000000000000_7</subfield>
    <subfield code="7">1</subfield>
    <subfield code="a">PAULUS</subfield>
    <subfield code="b">PAULUS</subfield>
    <subfield code="d">2013-01-07</subfield>
    <subfield code="l">0</subfield>
    <subfield code="o">PA7</subfield>
    <subfield code="r">2013-01-07 00:00:00</subfield>
    <subfield code="w">2013-01-07</subfield>
    <subfield code="y">BK</subfield>
  </datafield>
  <datafield tag="952" ind1=" " ind2=" ">
    <subfield code="0">0</subfield>
    <subfield code="1">0</subfield>
    <subfield code="2">ddc</subfield>
    <subfield code="4">0</subfield>
    <subfield code="6">PA_000000000000000_7</subfield>
    <subfield code="7">1</subfield>
    <subfield code="a">PAULUS</subfield>
    <subfield code="b">PAULUS</subfield>
    <subfield code="d">2013-01-09</subfield>
    <subfield code="l">0</subfield>
    <subfield code="o">PA7</subfield>
    <subfield code="r">2013-01-09 00:00:00</subfield>
    <subfield code="w">2013-01-09</subfield>
    <subfield code="y">BK</subfield>
  </datafield>
</record>
